| 000 | 00818nam a22002177a 4500 | ||
|---|---|---|---|
| 003 | AM-YEHGA | ||
| 005 | 20250617163857.0 | ||
| 008 | 210805b ||||| |||| 00| 0 rus d | ||
| 040 | _aAM-YeHGA | ||
| 041 | 1 |
_arus _hrum |
|
| 100 | 1 | _aДунэряну, Николае. | |
| 245 | 1 | 0 |
_aСлужаки: _b[Рассказы] / _cН. Дунэряну ; Пер. Н. Строе. |
| 260 |
_aБухарест : _bБ. и., _c1962. |
||
| 300 | _a42 с. | ||
| 440 | 0 |
_aБ-ка "Народная Румыния" _v1962. 3 |
|
| 505 | 0 | _aСлужаки; Немой; Повесть одной телеги с волами; В Татаренском лесу; Воспоминания о Короленко | |
| 653 | 0 | _aРумынская литература | |
| 942 |
_2udc _cBK |
||
| 001 | 1783604 | ||
| 090 | _c517909 | ||
| 999 |
_c514387 _d514387 |
||